Escudos de los municipios de Sevilla - Estadísticas

Estadísticas generales
  • Esta prueba ha sido intentada 46 veces
  • La puntuación promedio es 49 de 107
Estadísticas de respuestas
Imagen Respuesta % Correcto
Carmona
88%
La Campana
84%
La Puebla de los Infantes
84%
Los Palacios y Villafranca
84%
Benacazón
80%
El Cuervo de Sevilla
80%
Marinaleda
80%
Sevilla
80%
Villaverde del Río
80%
Santiponce
76%
Camas
72%
Cantillana
72%
Gerena
72%
Guadalcanal
72%
Sanlúcar la Mayor
72%
Coria del Río
68%
Écija
68%
Dos Hermanas
64%
Las Cabezas de San Juan
64%
El Coronil
60%
Fuentes de Andalucía
60%
Alcalá de Guadaira
56%
Bormujos
52%
Estepa
52%
La Puebla del Río
52%
Olivares
52%
Osuna
52%
Palomares del Río
52%
San Juan de Aznalfarache
52%
Brenes
48%
Cañada Rosal
48%
Castilleja de Guzmán
48%
Castilleja de la Cuesta
48%
El Viso del Alcor
48%
Espartinas
48%
Gines
48%
San Nicolás del Puerto
48%
Alcalá del Río
44%
Aznalcázar
44%
El Castillo de las Guardas
44%
El Madroño
44%
El Real de la Jara
44%
El Rubio
44%
El Saucejo
44%
Herrera
44%
Isla Mayor
44%
Lebrija
44%
Mairena del Alcor
44%
Mairena del Aljarafe
44%
Pedrera
44%
Salteras
44%
Tomares
44%
Valencina de la Concepción
44%
Villamanrique de la Condesa
44%
Arahal
40%
Burguillos
40%
Casariche
40%
El Ronquillo
40%
Gelves
40%
Guillena
40%
Lantejuela
40%
La Puebla de Cazalla
40%
Las Navas de la Concepción
40%
Lora del Río
40%
Montellano
40%
Paradas
40%
Tocina
40%
Umbrete
40%
Utrera
40%
Villanueva del Ariscal
40%
Alanís
36%
Algámitas
36%
Bollullos de la Mitación
36%
Castilblanco de los Arroyos
36%
Cazalla de la Sierra
36%
Constantina
36%
El Pedroso
36%
La Algaba
36%
La Luisiana
36%
La Rinconada
36%
Lora de Estepa
36%
Marchena
36%
Martín de la Jara
36%
Morón de la Frontera
36%
Pilas
36%
Aguadulce
32%
Albaida del Aljarafe
32%
Alcolea del Río
32%
Almensilla
32%
Aznalcóllar
32%
Badolatosa
32%
Castilleja del Campo
32%
Coripe
32%
Gilena
32%
Peñaflor
32%
Pruna
32%
Carrión de los Céspedes
28%
Huévar del Aljarafe
28%
La Roda de Andalucía
28%
Villanueva del Río y Minas
28%
Almadén de la Plata
24%
El Garrobo
24%
El Palmar de Troya
24%
Los Corrales
24%
Los Molares
24%
Marismillas
20%
Villanueva de San Juan
16%
No se encontraron pruebas coincidentes
Distribución de puntuación
Porcentaje de gente con cada puntuación
Porcentaje por número respondido
Historial de tus puntuaciones
No has intentado esta prueba.